[Event "European School Championships"]
[Site "Rhodes, Greece"]
[Date "2022.04.23"]
[Round "3.1"]
[White "Kalyoncu, Beren"]
[Black "Aydogan, Arya"]
[Result "1/2-1/2"]
[WhiteElo "1165"]
[BlackElo "1409"]
[PlyCount "88"]
[EventDate "2022.04.21"]
[EventRounds "9"]

1. d4 {[%emt 0:00:10]} d5 {[%emt 0:00:17]} 2. Bf4 {[%emt 0:00:12]} Bf5 {
[%emt 0:00:28]} 3. e3 {[%emt 0:00:11]} e6 {[%emt 0:00:26]} 4. Nf3 {[%emt 0:00:
21]} Bd6 {[%emt 0:01:47]} 5. Bg3 {[%emt 0:01:18]} Ne7 {[%emt 0:01:05]} 6. c4 {
[%emt 0:01:24]} c6 {[%emt 0:03:30]} 7. Nc3 {[%emt 0:02:28]} O-O {[%emt 0:01:36]
} 8. Qb3 {[%emt 0:02:22]} b6 {[%emt 0:01:21]} 9. Be2 {[%emt 0:03:50]} h6 {
[%emt 0:05:58]} 10. Rc1 {[%emt 0:06:24]} Bh7 {[%emt 0:09:30]} 11. O-O {[%emt 0:
07:22]} Bxg3 {[%emt 0:03:42]} 12. hxg3 {[%emt 0:00:13]} Qd6 {[%emt 0:01:14]}
13. Rfd1 {[%emt 0:03:41]} Nd7 {[%emt 0:02:27]} 14. a3 {[%emt 0:09:51]} Rac8 {
[%emt 0:05:43]} 15. cxd5 {[%emt 0:03:59]} exd5 {[%emt 0:04:00]} 16. Rd2 {
[%emt 0:08:31]} Rfe8 {[%emt 0:06:17]} 17. Qa2 {[%emt 0:03:29]} Rcd8 {[%emt 0:
07:52]} 18. Bd3 {[%emt 0:05:43]} Bxd3 {[%emt 0:02:41]} 19. Rxd3 {[%emt 0:02:42]
} Qg6 {[%emt 0:06:47]} 20. Rd2 {[%emt 0:02:30]} Rc8 {[%emt 0:02:41]} 21. Ne2 {
[%emt 0:05:37]} Qd6 {[%emt 0:03:04]} 22. Nf4 {[%emt 0:02:39]} Nf6 {[%emt 0:01:
46]} 23. Ne5 {[%emt 0:02:51]} Ne4 {[%emt 0:02:36]} 24. Rdd1 {[%emt 0:02:10]} f6
{[%emt 0:01:54]} 25. Nf3 {[%emt 0:01:03]} Kh7 {[%emt 0:04:32]} 26. Nd2 {
[%emt 0:03:49]} f5 {[%emt 0:02:57]} 27. Nb1 {[%emt 0:00:53]} g5 {[%emt 0:00:49]
} 28. Ne2 {[%emt 0:00:35]} Ng6 {[%emt 0:02:02]} 29. Nbc3 {[%emt 0:02:51]} Rf8 {
[%emt 0:02:04]} 30. Nxe4 {[%emt 0:00:32]} fxe4 {[%emt 0:02:51]} 31. Rc2 {
[%emt 0:01:48]} Rf6 {[%emt 0:01:40]} 32. Rdd2 {[%emt 0:01:28]} Rcf8 {[%emt 0:
00:54]} 33. Nc3 {[%emt 0:00:40]} h5 {[%emt 0:00:47]} 34. Nd1 {[%emt 0:00:45]}
h4 {[%emt 0:00:48]} 35. gxh4 {[%emt 0:00:44]} Nxh4 {[%emt 0:01:24]} 36. Qb3 {
[%emt 0:03:23]} Rh6 {[%emt 0:01:02]} 37. Qb4 {[%emt 0:01:44]} Qf6 {[%emt 0:05:
31]} 38. Rxc6 {[%emt 0:01:02]} Qxc6 {[%emt 0:00:52]} 39. Qxf8 {[%emt 0:00:21]}
Qc1 {[%emt 0:01:08]} 40. Qf7+ {[%emt 0:03:25]} Kh8 {[%emt 0:00:10]} 41. Qf8+ {
[%emt 0:00:12]} Kh7 {[%emt 0:00:19]} 42. Qe7+ {[%emt 0:06:09]} Kg6 {[%emt 0:08:
48]} 43. Qe6+ {[%emt 0:00:14]} Kg7 {[%emt 0:01:55]} 44. Qe7+ {[%emt 0:02:44]}
Kg6 {[%emt 0:01:40]} 1/2-1/2

[Event "European School Championships"]
[Site "Rhodes, Greece"]
[Date "2022.04.23"]
[Round "3.2"]
[White "Anemogianni, Savvina"]
[Black "Kutateladze, Anastasia"]
[Result "1/2-1/2"]
[WhiteElo "1102"]
[BlackElo "1180"]
[PlyCount "107"]
[EventDate "2022.04.21"]
[EventRounds "9"]

1. e4 {[%emt 0:00:03]} c5 {[%emt 0:00:06]} 2. Nf3 {[%emt 0:00:08]} a6 {[%emt 0:
00:10]} 3. d4 {[%emt 0:00:07]} cxd4 {[%emt 0:00:05]} 4. Nxd4 {[%emt 0:00:08]}
e6 {[%emt 0:00:08]} 5. Nc3 {[%emt 0:00:25]} b5 {[%emt 0:00:16]} 6. Nb3 {
[%emt 0:00:37]} Qc7 {[%emt 0:02:12]} 7. Bd3 {[%emt 0:00:27]} Bb7 {[%emt 0:00:
20]} 8. f4 {[%emt 0:02:14]} d6 {[%emt 0:02:31]} 9. O-O {[%emt 0:01:31]} Nd7 {
[%emt 0:03:48]} 10. Be3 {[%emt 0:01:23]} Nc5 {[%emt 0:05:32]} 11. Nxc5 {
[%emt 0:07:11]} dxc5 {[%emt 0:00:12]} 12. a3 {[%emt 0:08:17]} Nf6 {[%emt 0:01:
13]} 13. e5 {[%emt 0:03:55]} Nd5 {[%emt 0:00:43]} 14. Nxd5 {[%emt 0:00:37]}
exd5 {[%emt 0:06:49]} 15. Qg4 {[%emt 0:04:33]} h5 {[%emt 0:09:28]} 16. Qh3 {
[%emt 0:02:54]} c4 {[%emt 0:10:18]} 17. Be2 {[%emt 0:01:20]} Bc8 {[%emt 0:02:
23]} 18. Qf3 {[%emt 0:02:17]} Bg4 {[%emt 0:03:12]} 19. Qf2 {[%emt 0:00:09]} Bf5
{[%emt 0:01:24]} 20. Bf3 {[%emt 0:00:52]} Qb7 {[%emt 0:05:38]} 21. Rad1 {
[%emt 0:00:50]} Be4 {[%emt 0:01:39]} 22. Bxe4 {[%emt 0:00:52]} dxe4 {[%emt 0:
00:19]} 23. Rd2 {[%emt 0:00:48]} Be7 {[%emt 0:00:52]} 24. Rfd1 {[%emt 0:00:18]}
O-O {[%emt 0:01:18]} 25. Rd7 {[%emt 0:00:21]} Rfd8 {[%emt 0:02:25]} 26. Qd2 {
[%emt 0:05:15]} Rxd7 {[%emt 0:00:43]} 27. Qxd7 {[%emt 0:00:15]} Qxd7 {[%emt 0:
00:11]} 28. Rxd7 {[%emt 0:00:11]} Kf8 {[%emt 0:00:02]} 29. Ra7 {[%emt 0:01:59]}
Rxa7 {[%emt 0:00:23]} 30. Bxa7 {[%emt 0:00:11]} f6 {[%emt 0:01:24]} 31. exf6 {
[%emt 0:00:31]} Bxf6 {[%emt 0:01:55]} 32. c3 {[%emt 0:00:14]} Ke7 {[%emt 0:00:
19]} 33. Kf2 {[%emt 0:00:18]} Ke6 {[%emt 0:00:22]} 34. Ke3 {[%emt 0:00:06]} Kd5
{[%emt 0:00:18]} 35. h3 {[%emt 0:01:09]} g6 {[%emt 0:01:23]} 36. g4 {[%emt 0:
00:23]} a5 {[%emt 0:10:01]} 37. g5 {[%emt 0:00:50]} Be7 {[%emt 0:00:14]} 38.
Bd4 {[%emt 0:00:30]} a4 {[%emt 0:00:27]} 39. Bf6 {[%emt 0:01:53]} Bc5+ {
[%emt 0:00:31]} 40. Bd4 {[%emt 0:00:40]} Be7 {[%emt 0:01:00]} 41. Bf6 {[%emt 0:
00:27]} Bc5+ {[%emt 0:00:07]} 42. Bd4 {[%emt 0:00:22]} Bxd4+ {[%emt 0:08:05]}
43. cxd4 {[%emt 0:00:20]} b4 {[%emt 0:00:11]} 44. f5 {[%emt 0:03:58]} c3 {
[%emt 0:03:27]} 45. fxg6 {[%emt 0:01:41]} cxb2 {[%emt 0:01:15]} 46. g7 {
[%emt 0:00:06]} b1=Q {[%emt 0:00:15]} 47. g8=Q+ {[%emt 0:00:04]} Kc6 {[%emt 0:
01:15]} 48. Qe6+ {[%emt 0:00:09]} Kc7 {[%emt 0:00:16]} 49. Qe7+ {[%emt 0:00:18]
} Kc8 {[%emt 0:00:36]} 50. Qe8+ {[%emt 0:00:06]} Kc7 {[%emt 0:00:10]} 51. Qe7+
{[%emt 0:00:09]} Kc8 {[%emt 0:00:04]} 52. Qe8+ {[%emt 0:00:07]} Kc7 {[%emt 0:
00:06]} 53. Qe7+ {[%emt 0:00:07]} Kc8 {[%emt 0:00:34]} 54. Qe8+ {[%emt 0:00:06]
} 1/2-1/2

[Event "European School Championships"]
[Site "Rhodes, Greece"]
[Date "2022.04.23"]
[Round "3.3"]
[White "Patel, Diah Dipal"]
[Black "Janouskova, Eliska"]
[Result "0-1"]
[WhiteElo "1318"]
[BlackElo "1167"]
[PlyCount "76"]
[EventDate "2022.04.21"]
[EventRounds "9"]

1. e4 {[%emt 0:00:23]} c5 2. Nc3 {[%emt 0:00:19]} e6 {[%emt 0:01:12]} 3. g3 {
[%emt 0:00:33]} d6 {[%emt 0:03:17]} 4. Bg2 {[%emt 0:01:22]} Nc6 {[%emt 0:02:18]
} 5. d3 {[%emt 0:01:16]} Nf6 {[%emt 0:02:23]} 6. Be3 {[%emt 0:01:10]} Be7 {
[%emt 0:03:05]} 7. f4 {[%emt 0:01:57]} Qc7 {[%emt 0:07:20]} 8. Nf3 {[%emt 0:03:
04]} a6 {[%emt 0:03:26]} 9. O-O {[%emt 0:01:19]} O-O {[%emt 0:02:33]} 10. g4 {
[%emt 0:01:11]} Nxg4 {[%emt 0:09:37]} 11. Qe2 {[%emt 0:01:41]} Nxe3 {[%emt 0:
01:50]} 12. Qxe3 {[%emt 0:00:32]} b5 {[%emt 0:04:04]} 13. Kh1 {[%emt 0:01:21]}
Bf6 {[%emt 0:05:41]} 14. Rg1 {[%emt 0:02:14]} Bd4 {[%emt 0:03:15]} 15. Nxd4 {
[%emt 0:01:29]} cxd4 {[%emt 0:00:34]} 16. Qg3 {[%emt 0:00:55]} dxc3 {[%emt 0:
01:00]} 17. Bf3 {[%emt 0:00:48]} f6 {[%emt 0:03:25]} 18. e5 {[%emt 0:01:18]}
dxe5 {[%emt 0:02:04]} 19. Bxc6 {[%emt 0:00:22]} Qxc6+ {[%emt 0:00:42]} 20. Rg2
{[%emt 0:00:48]} Qc7 {[%emt 0:01:12]} 21. h4 {[%emt 0:01:17]} Bb7 {[%emt 0:00:
56]} 22. Rag1 {[%emt 0:01:19]} Bxg2+ {[%emt 0:00:20]} 23. Rxg2 {[%emt 0:00:07]}
cxb2 {[%emt 0:01:17]} 24. Rg1 {[%emt 0:00:12]} Rf7 {[%emt 0:00:46]} 25. h5 {
[%emt 0:00:35]} h6 {[%emt 0:01:57]} 26. Qg6 {[%emt 0:00:32]} Qxc2 {[%emt 0:02:
10]} 27. Qg2 {[%emt 0:00:53]} Qxg2+ {[%emt 0:00:43]} 28. Kxg2 {[%emt 0:00:09]}
Rc8 {[%emt 0:00:22]} 29. Rb1 {[%emt 0:00:16]} Rc2+ {[%emt 0:00:11]} 30. Kf3 {
[%emt 0:00:11]} Rfc7 {[%emt 0:00:26]} 31. fxe5 {[%emt 0:00:51]} fxe5 {[%emt 0:
00:21]} 32. Ke4 {[%emt 0:00:14]} Rh2 {[%emt 0:00:51]} 33. Kxe5 {[%emt 0:00:19]}
Rc1 {[%emt 0:00:12]} 34. Rxc1 {[%emt 0:00:21]} bxc1=Q {[%emt 0:00:31]} 35. Kxe6
{[%emt 0:00:17]} Rxh5 {[%emt 0:00:22]} 36. a4 {[%emt 0:00:11]} Qc6+ {[%emt 0:
00:09]} 37. Ke7 {[%emt 0:00:13]} Re5+ {[%emt 0:00:11]} 38. Kd8 {[%emt 0:00:14]}
Re8# {[%emt 0:00:19]} 0-1

[Event "European School Championships"]
[Site "Rhodes, Greece"]
[Date "2022.04.23"]
[Round "3.4"]
[White "Onipko, Kateryna"]
[Black "Baruch, Amit"]
[Result "1-0"]
[WhiteElo "1154"]
[BlackElo "1250"]
[PlyCount "93"]
[EventDate "2022.04.21"]
[EventRounds "9"]

1. d4 {[%emt 0:00:01]} d5 {[%emt 0:00:10]} 2. c4 {[%emt 0:00:05]} e5 {[%emt 0:
00:57]} 3. dxe5 {[%emt 0:00:52]} d4 {[%emt 0:00:14]} 4. Nf3 {[%emt 0:00:15]}
Nc6 {[%emt 0:00:28]} 5. Bg5 {[%emt 0:02:39]} Bb4+ {[%emt 0:04:53]} 6. Nbd2 {
[%emt 0:00:53]} Nge7 {[%emt 0:00:41]} 7. a3 {[%emt 0:00:23]} Bxd2+ {[%emt 0:00:
34]} 8. Qxd2 {[%emt 0:01:04]} O-O {[%emt 0:03:17]} 9. b4 {[%emt 0:02:56]} Nxe5
{[%emt 0:06:01]} 10. Nxe5 {[%emt 0:04:47]} f6 {[%emt 0:00:16]} 11. Bxf6 {
[%emt 0:01:12]} Rxf6 {[%emt 0:03:41]} 12. Nf3 {[%emt 0:02:25]} Rd6 {[%emt 0:01:
21]} 13. Rd1 {[%emt 0:00:57]} Nc6 {[%emt 0:04:02]} 14. g3 {[%emt 0:03:18]} Bg4
{[%emt 0:02:11]} 15. Bg2 {[%emt 0:00:46]} Qd7 {[%emt 0:04:22]} 16. b5 {[%emt 0:
00:56]} Ne7 {[%emt 0:01:03]} 17. Ne5 {[%emt 0:02:05]} Qe6 {[%emt 0:01:05]} 18.
Nxg4 {[%emt 0:02:31]} Qxg4 {[%emt 0:00:27]} 19. O-O {[%emt 0:00:24]} c6 {
[%emt 0:02:11]} 20. Qa2 {[%emt 0:00:50]} Kh8 {[%emt 0:01:15]} 21. Rd2 {[%emt 0:
01:14]} Rad8 {[%emt 0:02:19]} 22. Rfd1 {[%emt 0:03:24]} Nf5 {[%emt 0:08:17]}
23. bxc6 {[%emt 0:02:20]} bxc6 {[%emt 0:00:37]} 24. c5 {[%emt 0:00:42]} Rh6 {
[%emt 0:02:33]} 25. e4 {[%emt 0:01:46]} Ne7 {[%emt 0:07:27]} 26. Rxd4 {[%emt 0:
02:15]} Qxd1+ {[%emt 0:01:53]} 27. Rxd1 {[%emt 0:00:49]} Rxd1+ {[%emt 0:00:09]}
28. Bf1 {[%emt 0:00:23]} Rc1 {[%emt 0:01:54]} 29. Qf7 {[%emt 0:00:42]} Ng8 {
[%emt 0:00:41]} 30. Qxa7 {[%emt 0:02:04]} Rh5 {[%emt 0:00:58]} 31. Kg2 {
[%emt 0:02:02]} Rhxc5 {[%emt 0:01:35]} 32. a4 {[%emt 0:02:35]} Re5 {[%emt 0:01:
00]} 33. Qd4 {[%emt 0:00:21]} Rec5 {[%emt 0:01:54]} 34. e5 {[%emt 0:00:41]} Rd5
{[%emt 0:00:26]} 35. Qe4 {[%emt 0:00:33]} Rcc5 {[%emt 0:00:42]} 36. f4 {
[%emt 0:00:34]} Ra5 {[%emt 0:01:44]} 37. e6 {[%emt 0:02:14]} Ra8 38. Bd3 {
[%emt 0:01:48]} Nf6 {[%emt 0:00:43]} 39. Qc4 {[%emt 0:00:15]} Rc8 {[%emt 0:01:
40]} 40. Qa6 {[%emt 0:01:23]} Rcd8 {[%emt 0:02:30]} 41. Bf1 {[%emt 0:01:11]}
R5d6 {[%emt 0:01:49]} 42. Qc4 {[%emt 0:01:01]} Nd5 {[%emt 0:02:09]} 43. Qe4 {
[%emt 0:01:54]} Re8 {[%emt 0:01:47]} 44. f5 {[%emt 0:00:46]} Nf6 {[%emt 0:00:
38]} 45. Qf4 {[%emt 0:01:07]} Nh5 {[%emt 0:01:45]} 46. Qxd6 {[%emt 0:00:28]}
Nf6 {[%emt 0:04:15]} 47. Qxc6 {[%emt 0:01:05]} 1-0

[Event "European School Championships"]
[Site "Rhodes, Greece"]
[Date "2022.04.25"]
[Round "5.1"]
[White "Onipko, Kateryna"]
[Black "Aydogan, Arya"]
[Result "0-1"]
[WhiteElo "1154"]
[BlackElo "1409"]
[PlyCount "92"]
[EventDate "2022.04.21"]
[EventRounds "9"]

1. d4 {[%emt 0:00:02]} d5 {[%emt 0:00:13]} 2. c4 {[%emt 0:00:06]} e6 {[%emt 0:
00:15]} 3. Nf3 {[%emt 0:00:07]} a6 {[%emt 0:00:16]} 4. Nc3 {[%emt 0:00:45]}
dxc4 {[%emt 0:00:13]} 5. a4 {[%emt 0:00:20]} Nc6 {[%emt 0:00:28]} 6. e4 {
[%emt 0:00:57]} Na5 {[%emt 0:00:19]} 7. Be3 {[%emt 0:01:45]} c6 {[%emt 0:01:02]
} 8. Be2 {[%emt 0:01:27]} Nf6 {[%emt 0:08:03]} 9. O-O {[%emt 0:01:48]} Be7 {
[%emt 0:02:15]} 10. Nd2 {[%emt 0:02:38]} b5 {[%emt 0:02:10]} 11. axb5 {[%emt 0:
00:17]} cxb5 {[%emt 0:01:11]} 12. Bf3 {[%emt 0:00:42]} Bb7 {[%emt 0:05:13]} 13.
Qc2 {[%emt 0:04:22]} O-O {[%emt 0:04:04]} 14. h3 {[%emt 0:04:25]} Nc6 {[%emt 0:
03:08]} 15. Ne2 {[%emt 0:01:07]} Qd7 {[%emt 0:07:58]} 16. Rfd1 {[%emt 0:02:39]}
Nb4 {[%emt 0:01:06]} 17. Qc3 {[%emt 0:02:16]} Rac8 {[%emt 0:03:55]} 18. Nc1 {
[%emt 0:01:42]} Rfd8 {[%emt 0:01:30]} 19. Ne2 {[%emt 0:02:20]} Nd3 {[%emt 0:05:
08]} 20. Nc1 {[%emt 0:02:30]} b4 {[%emt 0:10:07]} 21. Qc2 {[%emt 0:00:43]} b3 {
[%emt 0:01:37]} 22. Qb1 {[%emt 0:00:21]} Nb4 {[%emt 0:01:43]} 23. Ne2 {[%emt 0:
02:24]} Nc2 {[%emt 0:06:50]} 24. Ra5 {[%emt 0:01:40]} h6 {[%emt 0:03:11]} 25.
Ra1 {[%emt 0:02:20]} Nxa1 {[%emt 0:04:04]} 26. Qxa1 {[%emt 0:00:38]} Bb4 {
[%emt 0:00:45]} 27. e5 {[%emt 0:01:09]} Nd5 {[%emt 0:03:32]} 28. Qc1 {[%emt 0:
00:57]} Qb5 {[%emt 0:03:28]} 29. Ne4 {[%emt 0:01:22]} Nxe3 {[%emt 0:01:10]} 30.
fxe3 {[%emt 0:00:40]} Bxe4 {[%emt 0:04:05]} 31. Bxe4 {[%emt 0:00:03]} a5 {
[%emt 0:01:47]} 32. Nc3 {[%emt 0:01:02]} Bxc3 {[%emt 0:01:54]} 33. Qxc3 {
[%emt 0:00:10]} Qb4 {[%emt 0:01:18]} 34. Qc1 {[%emt 0:03:27]} c3 {[%emt 0:01:
14]} 35. Rf1 {[%emt 0:00:37]} cxb2 {[%emt 0:02:30]} 36. Qxb2 {[%emt 0:00:09]}
a4 {[%emt 0:00:59]} 37. Ra1 {[%emt 0:00:52]} Rc7 {[%emt 0:02:49]} 38. Kh2 {
[%emt 0:00:39]} Ra7 {[%emt 0:01:20]} 39. Ra3 {[%emt 0:00:54]} Rc8 {[%emt 0:00:
37]} 40. h4 {[%emt 0:02:36]} Qe1 {[%emt 0:01:36]} 41. g3 {[%emt 0:04:06]} Qxe3
{[%emt 0:00:55]} 42. Bb1 {[%emt 0:01:01]} Rc3 {[%emt 0:04:32]} 43. Qg2 {
[%emt 0:01:02]} Qxd4 {[%emt 0:03:03]} 44. Kh3 {[%emt 0:04:17]} Qxe5 {[%emt 0:
04:08]} 45. Qf2 {[%emt 0:00:54]} Qe3 {[%emt 0:01:49]} 46. Qg2 {[%emt 0:00:15]}
g6 {[%emt 0:04:24]} 0-1

[Event "European School Championships"]
[Site "Rhodes, Greece"]
[Date "2022.04.25"]
[Round "5.2"]
[White "Kalyoncu, Beren"]
[Black "Janouskova, Eliska"]
[Result "1-0"]
[WhiteElo "1165"]
[BlackElo "1167"]
[PlyCount "113"]
[EventDate "2022.04.21"]
[EventRounds "9"]

1. d4 {[%emt 0:07:18]} e6 {[%emt 0:01:30]} 2. c4 {[%emt 0:00:23]} f5 {[%emt 0:
01:01]} 3. Nc3 {[%emt 0:01:13]} Nf6 {[%emt 0:02:12]} 4. Bg5 {[%emt 0:02:06]}
Bb4 {[%emt 0:05:50]} 5. a3 {[%emt 0:07:18]} Bxc3+ {[%emt 0:00:42]} 6. bxc3 {
[%emt 0:00:09]} d6 {[%emt 0:03:31]} 7. e3 {[%emt 0:05:15]} O-O {[%emt 0:04:25]}
8. Nf3 {[%emt 0:04:01]} b6 {[%emt 0:04:31]} 9. Be2 {[%emt 0:02:57]} Bb7 {
[%emt 0:04:18]} 10. Qb3 {[%emt 0:05:59]} Qe7 {[%emt 0:08:50]} 11. c5 {[%emt 0:
08:42]} dxc5 {[%emt 0:10:26]} 12. Bc4 {[%emt 0:01:02]} Bc8 {[%emt 0:06:26]} 13.
d5 {[%emt 0:17:57]} Re8 {[%emt 0:03:27]} 14. Rd1 {[%emt 0:03:39]} h6 {[%emt 0:
07:31]} 15. Bf4 {[%emt 0:02:00]} Kh7 {[%emt 0:04:38]} 16. dxe6 {[%emt 0:00:49]}
Bxe6 {[%emt 0:00:46]} 17. Bxe6 {[%emt 0:00:16]} Qxe6 {[%emt 0:00:23]} 18. Qxe6
{[%emt 0:00:08]} Rxe6 {[%emt 0:00:07]} 19. Bxc7 {[%emt 0:01:10]} Nc6 {[%emt 0:
01:07]} 20. h4 {[%emt 0:02:15]} Ne4 {[%emt 0:02:29]} 21. c4 {[%emt 0:01:47]}
Rc8 {[%emt 0:01:26]} 22. Bh2 {[%emt 0:02:41]} Na5 {[%emt 0:02:55]} 23. Rc1 {
[%emt 0:02:48]} Rd8 {[%emt 0:04:20]} 24. Ne5 {[%emt 0:06:05]} Nc6 {[%emt 0:02:
05]} 25. Nxc6 {[%emt 0:01:20]} Rxc6 {[%emt 0:00:14]} 26. f3 {[%emt 0:01:24]}
Nf6 {[%emt 0:01:00]} 27. Ke2 {[%emt 0:02:23]} a6 {[%emt 0:02:33]} 28. a4 {
[%emt 0:01:16]} Rd7 {[%emt 0:01:27]} 29. Rhd1 {[%emt 0:01:33]} Rxd1 {[%emt 0:
00:22]} 30. Rxd1 {[%emt 0:00:10]} Kg6 {[%emt 0:01:38]} 31. Rd6 {[%emt 0:01:30]}
Rxd6 {[%emt 0:00:13]} 32. Bxd6 {[%emt 0:00:03]} Kf7 {[%emt 0:01:24]} 33. Bc7 {
[%emt 0:00:44]} Nd7 {[%emt 0:00:21]} 34. e4 {[%emt 0:01:27]} Kf6 {[%emt 0:05:
14]} 35. Ke3 {[%emt 0:01:42]} Ne5 {[%emt 0:01:06]} 36. Bxe5+ {[%emt 0:00:23]}
Kxe5 {[%emt 0:00:04]} 37. exf5 {[%emt 0:00:16]} Kxf5 {[%emt 0:00:04]} 38. g4+ {
[%emt 0:00:27]} Ke6 {[%emt 0:02:11]} 39. f4 {[%emt 0:01:02]} g6 {[%emt 0:01:12]
} 40. Ke4 {[%emt 0:01:42]} h5 {[%emt 0:05:09]} 41. g5 {[%emt 0:07:08]} a5 {
[%emt 0:01:48]} 42. f5+ {[%emt 0:06:56]} gxf5+ {[%emt 0:08:35]} 43. Kf4 {
[%emt 0:00:25]} Ke7 {[%emt 0:00:58]} 44. Kxf5 {[%emt 0:02:17]} Kf7 {[%emt 0:01:
14]} 45. Ke5 {[%emt 0:00:40]} Ke7 {[%emt 0:01:30]} 46. Kd5 {[%emt 0:00:19]} Kd7
{[%emt 0:00:55]} 47. g6 {[%emt 0:01:42]} Ke7 {[%emt 0:00:18]} 48. Kc6 {[%emt 0:
00:21]} Kf6 {[%emt 0:00:20]} 49. Kxb6 {[%emt 0:00:21]} Kxg6 {[%emt 0:00:12]}
50. Kxa5 {[%emt 0:00:08]} Kf5 {[%emt 0:00:20]} 51. Kb6 {[%emt 0:00:06]} Kg4 {
[%emt 0:00:15]} 52. a5 {[%emt 0:00:11]} Kxh4 {[%emt 0:00:06]} 53. a6 {[%emt 0:
00:11]} Kg3 {[%emt 0:00:27]} 54. a7 {[%emt 0:00:06]} h4 {[%emt 0:00:06]} 55.
a8=Q {[%emt 0:00:14]} h3 {[%emt 0:00:08]} 56. Qh1 {[%emt 0:00:09]} h2 {[%emt 0:
00:45]} 57. Kxc5 {[%emt 0:00:34]} 1-0

[Event "European School Championships"]
[Site "Rhodes, Greece"]
[Date "2022.04.25"]
[Round "5.3"]
[White "Pissadaki, Despoina"]
[Black "Kutateladze, Anastasia"]
[Result "0-1"]
[WhiteElo "1233"]
[BlackElo "1180"]
[PlyCount "84"]
[EventDate "2022.04.21"]
[EventRounds "9"]

1. e4 {[%emt 0:00:02]} c5 {[%emt 0:00:05]} 2. Nc3 {[%emt 0:00:06]} e6 {[%emt 0:
00:05]} 3. f4 {[%emt 0:00:11]} Nc6 {[%emt 0:00:10]} 4. Nf3 {[%emt 0:00:19]} a6
{[%emt 0:00:11]} 5. Be2 {[%emt 0:00:25]} d5 {[%emt 0:01:12]} 6. e5 {[%emt 0:01:
54]} Nge7 {[%emt 0:03:32]} 7. d3 {[%emt 0:04:12]} Nf5 {[%emt 0:07:50]} 8. O-O {
[%emt 0:06:08]} Be7 {[%emt 0:05:27]} 9. a3 {[%emt 0:07:58]} b5 {[%emt 0:01:59]}
10. b3 {[%emt 0:07:12]} h5 {[%emt 0:10:03]} 11. h3 {[%emt 0:10:56]} Bb7 {
[%emt 0:05:23]} 12. Rb1 {[%emt 0:09:51]} Qc7 {[%emt 0:13:58]} 13. Qe1 {[%emt 0:
09:03]} O-O-O {[%emt 0:07:58]} 14. Na2 {[%emt 0:06:28]} Ncd4 {[%emt 0:08:39]}
15. c3 {[%emt 0:04:25]} Nxe2+ {[%emt 0:00:17]} 16. Qxe2 {[%emt 0:02:06]} Ng3 {
[%emt 0:00:09]} 17. Qf2 {[%emt 0:00:22]} Nxf1 {[%emt 0:00:10]} 18. Qxf1 {
[%emt 0:00:37]} Rd7 {[%emt 0:04:18]} 19. d4 {[%emt 0:04:44]} c4 {[%emt 0:01:59]
} 20. bxc4 {[%emt 0:00:14]} Qxc4 {[%emt 0:00:32]} 21. Qxc4+ {[%emt 0:00:37]}
dxc4 {[%emt 0:00:53]} 22. Bb2 {[%emt 0:02:09]} Bd5 {[%emt 0:02:19]} 23. Nb4 {
[%emt 0:02:44]} Bxb4 {[%emt 0:00:29]} 24. axb4 {[%emt 0:00:10]} Bxf3 {[%emt 0:
00:06]} 25. gxf3 {[%emt 0:00:13]} h4 {[%emt 0:00:51]} 26. Ra1 {[%emt 0:00:42]}
Kb7 {[%emt 0:00:32]} 27. Kh2 {[%emt 0:00:31]} Rh6 {[%emt 0:00:40]} 28. Rg1 {
[%emt 0:00:30]} g6 {[%emt 0:02:01]} 29. Bc1 {[%emt 0:00:16]} Rh7 {[%emt 0:00:
10]} 30. Bd2 {[%emt 0:01:06]} Kb6 {[%emt 0:00:28]} 31. Be1 {[%emt 0:00:24]} Rd8
{[%emt 0:00:23]} 32. Bf2 {[%emt 0:01:00]} Kc6 {[%emt 0:00:29]} 33. Kg2 {
[%emt 0:01:08]} Ra8 {[%emt 0:00:47]} 34. Kf1 {[%emt 0:00:39]} a5 {[%emt 0:00:
15]} 35. bxa5 {[%emt 0:00:58]} Rxa5 {[%emt 0:00:07]} 36. Ke2 {[%emt 0:00:10]}
Ra3 {[%emt 0:00:58]} 37. Kd2 {[%emt 0:01:08]} Rh8 {[%emt 0:00:16]} 38. Ke3 {
[%emt 0:03:30]} Rxc3+ {[%emt 0:00:58]} 39. Ke4 {[%emt 0:00:26]} Rc2 {[%emt 0:
01:20]} 40. Ke3 {[%emt 0:01:40]} Ra8 {[%emt 0:00:22]} 41. Bxh4 {[%emt 0:00:36]}
Ra3+ {[%emt 0:00:07]} 42. Ke4 {[%emt 0:00:31]} Re2# {[%emt 0:00:04]} 0-1

[Event "European School Championships"]
[Site "Rhodes, Greece"]
[Date "2022.04.25"]
[Round "5.4"]
[White "Anemogianni, Savvina"]
[Black "Baruch, Amit"]
[Result "1-0"]
[WhiteElo "1102"]
[BlackElo "1250"]
[PlyCount "91"]
[EventDate "2022.04.21"]
[EventRounds "9"]

1. e4 {[%emt 0:00:02]} e5 {[%emt 0:00:08]} 2. Nf3 {[%emt 0:00:07]} Nc6 {
[%emt 0:00:16]} 3. d4 {[%emt 0:00:10]} exd4 {[%emt 0:00:22]} 4. Nxd4 {[%emt 0:
00:10]} Nf6 {[%emt 0:00:17]} 5. Nxc6 {[%emt 0:00:18]} bxc6 {[%emt 0:00:16]} 6.
e5 {[%emt 0:00:14]} Nd5 {[%emt 0:00:27]} 7. c4 {[%emt 0:01:10]} Nb6 {[%emt 0:
00:48]} 8. Nc3 {[%emt 0:02:11]} d5 {[%emt 0:04:22]} 9. exd6 {[%emt 0:01:37]}
cxd6 {[%emt 0:01:31]} 10. Bd3 {[%emt 0:03:57]} d5 {[%emt 0:01:41]} 11. cxd5 {
[%emt 0:00:56]} cxd5 {[%emt 0:01:03]} 12. O-O {[%emt 0:03:05]} Be7 {[%emt 0:01:
10]} 13. Re1 {[%emt 0:04:05]} O-O {[%emt 0:01:03]} 14. Qh5 {[%emt 0:02:16]} g6
{[%emt 0:01:31]} 15. Qe2 {[%emt 0:00:30]} Be6 {[%emt 0:04:00]} 16. Bb5 {
[%emt 0:02:40]} Bg5 {[%emt 0:02:31]} 17. Bxg5 {[%emt 0:03:33]} Qxg5 {[%emt 0:
00:39]} 18. Qe5 {[%emt 0:00:40]} Qxe5 {[%emt 0:01:27]} 19. Rxe5 {[%emt 0:00:09]
} Rfd8 {[%emt 0:01:00]} 20. Ne2 {[%emt 0:01:57]} Rac8 {[%emt 0:04:14]} 21. Nf4
{[%emt 0:00:49]} Bf5 {[%emt 0:00:35]} 22. Re2 {[%emt 0:02:24]} Rc2 {[%emt 0:02:
23]} 23. Rxc2 {[%emt 0:00:11]} Bxc2 {[%emt 0:00:15]} 24. Rc1 {[%emt 0:00:16]}
Rc8 {[%emt 0:02:23]} 25. Ba6 {[%emt 0:00:46]} Rc6 {[%emt 0:01:49]} 26. Bd3 {
[%emt 0:00:16]} Ba4 {[%emt 0:00:25]} 27. Re1 {[%emt 0:02:20]} Kg7 {[%emt 0:03:
37]} 28. b3 {[%emt 0:00:19]} Bxb3 {[%emt 0:02:18]} 29. axb3 {[%emt 0:00:08]}
Rc3 {[%emt 0:02:25]} 30. Rd1 {[%emt 0:02:00]} Rxb3 {[%emt 0:01:12]} 31. Bf1 {
[%emt 0:00:17]} a5 {[%emt 0:02:28]} 32. Nxd5 {[%emt 0:00:19]} Nxd5 {[%emt 0:01:
26]} 33. Rxd5 {[%emt 0:00:12]} a4 {[%emt 0:00:20]} 34. Ra5 {[%emt 0:00:14]} a3
{[%emt 0:00:34]} 35. g3 {[%emt 0:00:12]} Kh6 {[%emt 0:02:40]} 36. Bc4 {[%emt 0:
00:12]} Rf3 {[%emt 0:02:28]} 37. Kg2 {[%emt 0:00:17]} Rf5 {[%emt 0:02:10]} 38.
Rxa3 {[%emt 0:00:20]} Kg5 {[%emt 0:01:02]} 39. Rf3 {[%emt 0:00:20]} Rxf3 {
[%emt 0:00:25]} 40. Kxf3 {[%emt 0:00:12]} f6 {[%emt 0:00:35]} 41. Bg8 {[%emt 0:
00:14]} h6 {[%emt 0:01:51]} 42. h4+ {[%emt 0:00:20]} Kf5 {[%emt 0:00:37]} 43.
Bh7 {[%emt 0:00:35]} h5 {[%emt 0:00:37]} 44. Ke3 {[%emt 0:00:39]} Kg4 {[%emt 0:
01:09]} 45. Bxg6 {[%emt 0:00:13]} f5 {[%emt 0:00:57]} 46. Ke2 {[%emt 0:02:58]}
1-0